003740000a22001450004500060000800000082002100008100002900029245003400058260002200092260000900114300000700123490003900130490003600169650002300205 a100 a633.10491076 KOH aKohli S P, Mukherjee K K aLodging in cereal crop plants aNewdelhi, I C A R c1966 a41 a7cICAR technical bulletin (agric) aICAR technical bulletin (agric) aCereal crop plants